| Tag |
First Indicator |
Second Indicator |
Subfields |
| LEADER |
00000cam a2200000 i 4500 |
| 001 |
in00000045717 |
| 005 |
20190207093421.0 |
| 008 |
790215s1978 txua 00110deng d |
| 035 |
|
|
|a (OCoLC)04656685
|
| 035 |
|
|
|9 AAF2858AM
|
| 040 |
|
|
|c SUR
|d TXA
|d UtOrBLW
|
| 043 |
|
|
|a n-us-tx
|
| 049 |
|
|
|a TXAS
|c [1700658]
|
| 090 |
|
|
|a 923.973
|b A215
|
| 090 |
|
|
|a F392.B54
|b A33
|
| 100 |
1 |
|
|a Adams, Mildred Babb,
|d 1910-
|
| 245 |
1 |
0 |
|a From darkness into light /
|c by Mildred Babb Adams.
|
| 264 |
|
1 |
|a Seagraves, Texas :
|b Pioneer Book Publishers,
|c [1978]
|
| 264 |
|
4 |
|c ©1978
|
| 300 |
|
|
|a vi, 130 pages :
|b illustrations, portraits ;
|c 28 cm.
|
| 336 |
|
|
|a text
|b txt
|2 rdacontent
|
| 337 |
|
|
|a unmediated
|b n
|2 rdamedia
|
| 338 |
|
|
|a volume
|b nc
|2 rdacarrier
|
| 500 |
|
|
|a The Cushing Library/Chapman Texas Collection copy is part of the Floyd & Louise Chapman Texas & Borderlands Collection.
|5 TXA
|
| 500 |
|
|
|a Includes index.
|
| 600 |
3 |
0 |
|a Babbitt family.
|
| 651 |
|
0 |
|a Big Bend Region (Tex.)
|x History.
|
| 999 |
|
|
|a MARS
|
| 999 |
f |
f |
|s 0c0082d2-fea4-3e19-9684-13eb0e1532cc
|i f7528895-28f2-338a-90aa-8b2e18e96a47
|t 0
|
| 952 |
f |
f |
|p noncirc
|a Texas A&M University
|b College Station
|c Cushing Memorial Library & Archives
|d Cushing: Chapman Texas Collection (Does not check out)
|t 0
|e F392.B54 A33
|h Library of Congress classification
|i unmediated -- volume
|m A14800330193
|
| 998 |
f |
f |
|a F392.B54 A33
|t 0
|l Cushing: Chapman Texas Collection (Does not check out)
|